000 00824nam a2200229 a 4500
001 47531
003 BD-RjUL
005 20211209054333.0
008 160809r20122010bg ||||| |||| 00| 0 ben d
020 _a9789840412853
_c: Tk. 150.00
035 _a(BD-RjUL)47650
040 _aBD-RjUL
_beng
_cBD-RjUL
041 _aeng
082 _223
_a491.44
_bAJV 2012
100 _aআজাদ, হুমায়ুন
_9144500
245 _aভাষ শিক্ষা ও ভাষাবিজ্ঞান পরিচিতি /
260 _aঢাকা :
_bআগামী প্রকাশনী,
_c২০১০, [২য় মুদ্রণ ২০১২]
300 _a৮৬ পৃ. ;
_c২২ সেমি.
650 _aবাংলা ভাষা
_9144501
650 _aBengali language
_9144502
942 _2ddc
_cBK
999 _c47531
_d47531